| 000 | 00380nam a2200157Ia 4500 | ||
|---|---|---|---|
| 001 | 22060 | ||
| 003 | IN-NITTTR | ||
| 005 | 20251114233250.0 | ||
| 008 | 251113s9999||||xx |||||||||||||| ||eng|| | ||
| 040 | _beng | ||
| 040 | _cIN-NITTTR | ||
| 041 | _aeng | ||
| 082 | _a001 C436 R | ||
| 245 | 4 |
_aThe children's treasury of knowledge : _b life,leisure and hobbies. / |
|
| 942 |
_2ddc _cBK |
||
| 999 |
_c24689 _d24689 |
||